| 000 | 00374nam a2200157 4500 | ||
|---|---|---|---|
| 005 | 20260519131701.0 | ||
| 008 | 260428b |||||||| |||| 00| 0 eng d | ||
| 020 | _a9781912127276 | ||
| 082 |
_a808.06 _bBHA-T |
||
| 100 | _aBhabha,s Homi.K. | ||
| 245 | _aThe Location Of Culture | ||
| 260 |
_aNew York _bRoutledge |
||
| 300 | _a282p | ||
| 650 | _aEnglish | ||
| 942 | _cBK | ||
| 999 |
_c47410 _d47410 |
||